اطلس السيرة النبوية

Bibliographic Details
Main Author: ابو خليل، شوقي (Author)
Format: Book
Language:Arabic
Published: Bayrut : Dar al-Fikr al-Mu`asir ; Dimashq : Dar al-Fikr , 2002
Subjects:

MARC

LEADER 00000cam a2200000 7i4500
001 0000060813
005 20221109093000.0
008 090316s2002 le ara
020 |a 1592390005 
020 |a 9781592390007 
050 0 0 |a G2246.S1   |b A24 2002 
090 0 0 |a G2246.S1   |b A24 2002 
100 1 |a ابو خليل، شوقي ,   |e author 
245 1 0 |a اطلس السيرة النبوية   |c شوقي ابو خليل 
246 3 0 |a Atlas of the Arab-Islamic history 
255 0 0 |a Scales differ 
260 |a Bayrut :   |b Dar al-Fikr al-Mu`asir ; Dimashq :   |b Dar al-Fikr ,   |c 2002 
300 |a 1 atlas (336 p.) :   |b col. ill., col. maps ;   |c 25 cm. 
500 |a In Arabic 
504 |a Includes bibliographical references and indexes 
600 0 0 |a Muhammad ,   |c Prophet ,   |d - 632 
650 0 |a Islam   |z Arabian Peninsula   |x History   |v Maps 
740 0 2 |a Atlas al-tarikh al-Arabi al-Islami 
999 |a 1000123761   |b Book   |c Reference   |e Gong Badak Campus